| 000 | 02838nam a2200253Ia 4500 | ||
|---|---|---|---|
| 003 | OSt | ||
| 005 | 20211028160328.0 | ||
| 008 | 210310t1967 mx ad fr 000 0dspa d | ||
| 040 |
_aCO-JMCR _cCO-JMCR |
||
| 041 | 0 | _aspa | |
| 082 | 0 | 4 |
_a338.98 / _bD695i _223 |
| 100 | 1 |
_aDorfman, Adolfo, _917959 _eautor |
|
| 245 | 1 | 3 |
_aLa industrialización en la América Latina : _by las políticas de fomento / _cAdolfo Dorfman |
| 250 | _aPrimera edición | ||
| 260 |
_aMéxico : _bFondo de Cultura Económica, _c©1967 |
||
| 300 |
_a433 páginas : _bilustraciones y gráficas a blanco y negro ; _c23 cm. |
||
| 490 | 0 | _aSección de Obras de Economía | |
| 500 | _aIncluye notas a pie de página y datos biográficos del autor. | ||
| 505 | 0 | _aSubdesarrollo económico e industrial -- La influencia de la guerra y posguerra -- Las inversiones industriales -- Exportación de artículos elaborados -- La acción promocional del Estado -- La "Mentalidad" industrializante | |
| 520 | 3 | _aEs indudable que Latinoamérica está en deuda con el resto del mundo y. muy especialmente, consigo misma, en cuanto a su aportación en verdad representativa dentro del desarrollo industrial. Con sus grandes recursos en materias primas y su rica dotación de elemento humano por una parte, y la urgente satisfacción de sus propias necesidades internas y de exportación por otra, es impresionante el papel que debe representar en este campo. Diversos factores, más bien históricos y circunstanciales que geográficos o de orden potencial, han retardado hasta ahora aquel desarrollo, en sus múltiples posibilidades. Mas están echadas las bases y se han dado los primeros pasos en firme. Ha habido deficiencia, quizá, en los recursos de organización y han hecho falta planificaciones técnicas mejor definidas, proyectos mucho más juiciosos. De igual modo, es necesaria la eliminación de todos los obstáculos de naturaleza utópica, aquellos que no van más allá de las ensoñaciones quiméricas. Tan importante como lo anterior ha sido, también, la falta de una labor más coordinada y universalista, es decir menos limitada, dentro de la gran familia latinoamericana. Sin embargo, existen ya centros informativos de importancia, y no han escaseado los diálogos internacionales. La bibliografía, asimismo, es ahora abundante. Urgente resulta, empero, hacer un alto en el camino y ver en conjunto el paisaje. ¿ Qué se ha hecho? ¿ Cuáles son los aciertos y las fallas? ¿Qué es preciso entonces, realizar sin más demora? A éstas y otras cuestiones sólo se puede contestar por medio de investigaciones concienzudas, de l estudios panorámicos serios, sobre los que sea factible hacer meditaciones sin apremio. | |
| 650 | 1 | 4 |
_aHistoria económica _917961 _zAmérica Latina |
| 650 | 2 | 4 |
_aIndustrias _zAmérica Latina _941336 |
| 942 |
_2ddc _cBK |
||
| 999 |
_c8674 _d8674 |
||